Management control systems / (Record no. 343301)
[ view plain ]
| 000 -LEADER | |
|---|---|
| fixed length control field | 01406 a2200229 4500 |
| 020 ## - INTERNATIONAL STANDARD BOOK NUMBER | |
| International Standard Book Number | 025602961X |
| 020 ## - INTERNATIONAL STANDARD BOOK NUMBER | |
| International Standard Book Number | 9780256029611 |
| 090 ## - LOCALLY ASSIGNED LC-TYPE CALL NUMBER (OCLC); LOCAL CALL NUMBER (RLIN) | |
| -- | 751 |
| -- | 751 |
| 100 1# - MAIN ENTRY--PERSONAL NAME | |
| Personal name | Anthony, Robert N. |
| 245 10 - TITLE STATEMENT | |
| Title | Management control systems / |
| Statement of responsibility, etc. | Robert N. Anthony. |
| 250 ## - EDITION STATEMENT | |
| Edition statement | 5th ed. |
| 260 ## - PUBLICATION, DISTRIBUTION, ETC. | |
| Place of publication, distribution, etc. | [S.l.] : |
| Name of publisher, distributor, etc. | Richard D. Irwin, |
| Date of publication, distribution, etc. | 1984. |
| 300 ## - PHYSICAL DESCRIPTION | |
| Extent | 872 p. ; |
| Dimensions | 24 cm. |
| 490 1# - SERIES STATEMENT | |
| Series statement | The robert N. anthony/willard J. graham series in accounting. |
| 500 ## - GENERAL NOTE | |
| General note | Hardcover. |
| 520 ## - SUMMARY, ETC. | |
| Summary, etc. | "Management Control Systems, 11/e" builds on strengths from prior editions by offering a rich diversity of cases balanced with current material. The primary market for Management Control Systems is an MBA level elective in control systems. The text may also be appropriate for advanced managerial accounting courses and/or MBA-level cost accounting courses with an emphasis on management control. "Management Control Systems, 11/e" is organized to develop insights and analytical skills related to how managers go about designing, implementing, and using planning and control systems to implement strategies. |
| 700 1# - ADDED ENTRY--PERSONAL NAME | |
| Personal name | etc. |
| 830 #4 - SERIES ADDED ENTRY--UNIFORM TITLE | |
| Uniform title | The robert N. anthony/willard J. graham series in accounting. |
| 856 40 - ELECTRONIC LOCATION AND ACCESS | |
| Materials specified | Amazon.com |
| Uniform Resource Identifier | <a href="http://www.amazon.com/exec/obidos/ASIN/025602961X/chopaconline-20">http://www.amazon.com/exec/obidos/ASIN/025602961X/chopaconline-20</a> |
| 856 40 - ELECTRONIC LOCATION AND ACCESS | |
| Materials specified | Amazon customer reviews |
| Uniform Resource Identifier | <a href="http://www.chopac.org/cgi-bin/tools/azrev.pl?q=025602961X">http://www.chopac.org/cgi-bin/tools/azrev.pl?q=025602961X</a> |
| 942 ## - ADDED ENTRY ELEMENTS (KOHA) | |
| Institution code [OBSOLETE] | NBS |
| Koha item type | Book |
| Call number prefix | 658.562 ANT |
| Withdrawn status | Lost status | Damaged status | Not for loan | Permanent Location | Current Location | Date acquired | Total Checkouts | Full call number | Barcode | Date last seen | Price effective from | Koha item type |
|---|---|---|---|---|---|---|---|---|---|---|---|---|
| Central Library (CL) | Central Library (CL) | 08/28/2013 | 658.562 ANT | NBS3104 | 08/28/2013 | 08/28/2013 | Book |
